La polémica feminista en la España contemporánea (1868-1974).

Shranjeno v:
Bibliografske podrobnosti
Glavni avtor: Scanlon, Geraldine M. (autora)
Drugi avtorji: Mazarrasa, Rafael (traducción)
Format: Knjiga
Jezik:angleščina
Izdano: Madrid, España: Ediciones Akal, 1986.
Teme:
Oznake: Označite
Brez oznak, prvi označite!

MARC

LEADER 00000nam a22000007a 4500
003 CL-VaPUC
005 20241121122548.0
008 241114t1986 ||||| |||| 00| 0 eng d
999 |c 445696  |d 445694 
040 |c Pontificia Universidad Católica de Valparaíso 
082 |2 22  |a 305.40946 SCA 1986 
100 |9 893783  |a Scanlon, Geraldine M.  |e autora 
245 |a La polémica feminista en la España contemporánea (1868-1974). 
260 |a Madrid, España:  |b Ediciones Akal,  |c 1986. 
300 |a xxxvii, 391 páginas. 
500 |a c.1 Donación. Memo EDU. 12-11-2024. 
583 |c 20241114  |k Yessy Sthefany Diaz Vidal 
650 0 |9 259085  |a Feminismo  |v Historia  |y Siglos 19-20  |z España 
650 0 |9 893785  |a Movimientos feministas  |v Aspectos políticos y sociales  |z España 
650 0 |9 568602  |a Derechos de las mujeres  |v Historia española 
700 |9 893784  |a Mazarrasa, Rafael  |e traducción 
942 |2 ddc  |c BK 
952 |0 0  |1 0  |2 ddc  |4 0  |6 305_409460000000000_SCA_1986  |7 0  |8 A  |9 598012  |a BIBEDU  |b BIBEDU  |d 2024-11-14  |e Donación  |i 5663225  |o 305.40946 SCA 1986  |p 5663225  |r 2024-11-14  |t 1  |w 2024-11-14  |y BK  |k EDU